Ipês amarelos (Record no. 188292)

MARC details
000 -LÍDER
campo de controle de tamanho fixo 00324 a2200157 4500
001 - NÚMERO DE CONTROLE
campo de controle 188292
020 ## - ISBN - INTERNATIONAL STANDARD BOOK NUMBER
ISBN - International Standard Book Number 978-85-905348-2-2
040 ## - FONTE DA CATALOGAÇÃO
Instituição que transcreveu o registro Magnum
100 ## - ENTRADA PRINCIPAL--NOME PESSOAL
Nome pessoal Mansoldo, Ana
240 10 - TÍTULO UNIFORME
Título uniforme Ipês amarelos
Idioma da obra por
245 10 - TÍTULO
Título Ipês amarelos
300 ## - DESCRIÇÃO FÍSICA
Extensão 83
362 0# - DATAS DE PUBLICAÇÃO E/OU DESIGNAÇÃO SEQUENCIAL
Datas de publicação e/ou designação sequencial 2008
697 ## - ENTRADA DE ASSUNTO LOCAL--ENTIDADE COLETIVA (RLIN)
Nome corporativo ou nome da jurisdição LITERATURA JUVENIL
942 ## - ELEMENTOS DE ENTRADA ADICIONADOS (KOHA)
Tipo de material Koha Livros
Holdings
Situação do descarte Situação das perdas Situação física Não pode ser emprestado Biblioteca de origem Biblioteca atual Data de aquisição Total de empréstimos Número de chamada completo Código de barras Data de último acesso Data do preço efetivo Tipo de material Koha
        Magnum Magnum 08/06/2024   869.3.431 MAG00060993 08/06/2024 08/06/2024 Livros